Pliego general de condiciones para la contratación de las obras públicas (Record no. 53543)

MARC details
000 -LEADER
campo de control de longitud fija 00739nam a22001695i 4500
001 - NÚMERO DE CONTROL
campo de control 53543
003 - IDENTIFICADOR DE NÚMERO DE CONTROL
campo de control ES-MaACL
005 - FECHA Y HORA DE LA ÚLTIMA TRANSACCIÓN
campo de control 20230906162803.0
007 - CAMPO FIJO DE DESCRIPCIÓN FÍSICA--INFORMACIÓN GENERAL
campo de control de longitud fija t|
008 - DATOS DE LONGITUD FIJA--INFORMACIÓN GENERAL
campo de control de longitud fija 960520s1886 sp bc ||||1| spa d
040 ## - FUENTE DE CATALOGACIÓN
Centro catalogador/agencia de origen CARM
Lengua de catalogación spa
Centro/agencia transcriptor CCPB | SIC
245 00 - MENCIÓN DEL TÍTULO
Título Pliego general de condiciones para la contratación de las obras públicas
Resto del título : instrucción para su cumplimiento y formularios para la redacción de los proyectos de carreteras : aprobados por Real Decreto de 11 de Junio de 1886 y Reales Ordenes de 26 de Junio y 24 de Agosto del mismo año.
260 ## - PUBLICACIÓN, DISTRIBUCIÓN, ETC.
Lugar de publicación, distribución, etc. Madrid :
Nombre del editor, distribuidor, etc. [s.n.],
Fecha de publicación, distribución, etc. 1886 (
Fabricante Tipo-Lit. de L. Peant)
300 ## - DESCRIPCIÓN FÍSICA
Extensión [164 p, 5 h. pleg. ;
Dimensiones 32 cm.
650 #4 - PUNTO DE ACCESO ADICIONAL DE MATERIA--TÉRMINO DE MATERIA
Término de materia o nombre geográfico como elemento de entrada Obras públicas-
Subdivisión geográfica España.
9 (RLIN) 149445
852 ## - LOCALIZACIÓN
Ubicación ES-MaACL
Número de control de estantería T-653-F-3
Holdings
Estatus retirado Estado de pérdida Estado de daño No para préstamo Colección Biblioteca de origen Biblioteca actual Ubicación en estantería Fecha de adquisición Fuente de adquisición Total de préstamos Signatura topográfica completa Código de barras Visto por última vez Precio de reemplazo Tipo de ítem Koha
        Colección de folletos Biblioteca del Ateneo de Madrid Biblioteca del Ateneo de Madrid Depósito folletos 17/01/2008     T-653-F-3 1056263 23/02/2023 23/02/2023 Folleto